000 00674nam a2200217Ia 4500
008 220216s9999 xx 000 0 und d
100 _aThulaseedharan A.
245 0 _aBiotechnology research in rubber: Present status and future prospects
260 _bPlacrosym XVI, 2004, Kasaragod, India. Journal of Plantation Crops, 32(Supplement): 104-116.
_c2004
650 _aGenetic transformation
650 _aMicropropagation
650 _aMolecular marker
650 _aSomatic embryogenesis
700 _aJayasree P.K.
700 _aKala R.G.
700 _aPriya P.
700 _aSaleena A.
700 _aThanseem I.
700 _aVenkatachalam P.
942 _cBS
999 _c52977
_d52977